00849nam a2200241 i 4500001001000000003000900010005001700019007000300036008004100039040003000080041000800110082001900118100000300137110004200140245005200182264005200234300002700286336002700313337003300340338002800373500020300401650000300604000004130DO-SdBNP20250616104444.0ta250616s1998 dr r 001 0 spa d aDO-SdBNPbspacBNPHUerda hspa 4axxxbR426L222  aRepública Dominicana. [Leyes, etc.]10aLeyes, decretos y reglamentos sobre migración 4aSanto Domingo :bEditora no identificada,c1998 a53 páginas ;c24 cm. atextobtxt2rdacontent asin mediaciónbn2rdamedia avolumenbnc2rdacarrier aReglamento de migración No, 279, del 12 de mayo de 1939, publicado en la gaceta oficial No. 5313, actualizado con todas las modificaciones que se le han hecho hasta la fecha de esta puublicación